| 000 | 00922nam a2200217 i 4500 | ||
|---|---|---|---|
| 001 | 83113 | ||
| 003 | ES-MaACL | ||
| 005 | 20251014063134.0 | ||
| 007 | t| | ||
| 008 | 180106s1920 sp ||||1| spa d | ||
| 100 | 1 |
_aFrankowski, Eugeniusz, _d1884-1962 _952338 |
|
| 245 | 1 | 0 |
_aEstelas discoideas de la Peninsula Ibérica / _cpor Eugeniusz Frankowski. |
| 260 |
_aMadrid : _bMuseo Nacional de Ciencias Naturales, _c1920. |
||
| 300 |
_a192 p., lám. I-X, 1 map. plég. : _bil. ; _c27 cm. |
||
| 490 | 1 |
_aComisión de Investigaciones Paleontológicas y Prehistóricas. Memoria ; _v25 |
|
| 594 | _aPrecede al tít.: Junta para Ampliación de Estudios e Investigaciones Científicas. | ||
| 650 | 4 |
_aEstelas (Arqueología)- _zPenínsula Ibérica. _9164886 |
|
| 830 | 0 | 0 |
_aComisión de Investigaciones Paleontológicas y Prehistóricas. Memoria _v25 _9183771 |
| 852 |
_aES-MaACL _jB-13006(1) |
||
| 999 |
_c83113 _d83113 |
||